[Event "GER-ch Youth-C"]
[Site "Willingen"]
[Date "2022.06.08"]
[Round "5"]
[White "Kanno, Gabriel Felix"]
[Black "Kulgemeyer, Justus"]
[Result "0-1"]
[WhiteElo "838"]
[BlackElo "797"]
[PlyCount "64"]
[EventDate "2022.06.04"]
[EventType "swiss"]
[EventRounds "9"]
[EventCountry "GER"]
[SourceTitle "CBM 208 Extra"]
[Source "ChessBase"]
[SourceDate "2022.07.31"]
[SourceVersion "1"]
[SourceVersionDate "2022.07.31"]
[SourceQuality "1"]

1. e4 e5 2. Nf3 Nc6 3. Bc4 Bc5 4. d3 h6 5. Nc3 d6 6. h3 Nf6 7. 0-0 Qe7 8. Be3 Bxe3 9. fxe3 Be6 10. Bb5 a6 11. Bxc6+ bxc6 12. d4 exd4 13. exd4 Bc4 14. Re1 0-0 15. b3 Be6 16. e5 dxe5 17. dxe5 Rad8 18. Qe2 Nh5 19. Qxa6 Qc5+ 20. Kh2 Qxc3 21. Qa7 Qxc2 22. Qxc7 Bd5 23. Qe7 Bxf3 24. Rg1 Rfe8 25. Qc7 Qd2 26. Kh1 Ng3+ 27. Kh2 Qf4 28. gxf3 Ne2+ 29. Kh1 Nxg1 30. Rxg1 Qxf3+ 31. Kh2 Rd2+ 32. Rg2 Qxg2# 0-1